[Event "COL-ch disabled (Women) 2nd"]
[Site "Cali"]
[Date "2008.10.27"]
[Round "5.1"]
[White "Pachon, Olga Yolanda"]
[Black "Rodriguez Mogollon, Teresa"]
[Result "0-1"]
[WhiteElo "1600"]
[BlackElo "1637"]
[PlyCount "50"]
[EventDate "2008.10.25"]
[EventType "swiss"]
[EventRounds "6"]
[EventCountry "COL"]
[SourceTitle "EXT 2024"]
[Source "ChessBase"]
[SourceDate "2023.10.10"]
[SourceVersion "1"]
[SourceVersionDate "2023.10.10"]
[SourceQuality "1"]

1. e4 e5 2. Bc4 Nf6 3. Nc3 Nc6 4. Nf3 Nxe4 5. Nxe4 d5 6. Bd3 dxe4 7. Bxe4 Nd4 8. 0-0 Bg4 9. d3 Qf6 10. Be3 Nxf3+ 11. Bxf3 Bxf3 12. gxf3 0-0-0 13. Kh1 h5 14. Bxa7 h4 15. Rg1 Bd6 16. Qd2 Qxf3+ 17. Rg2 h3 18. Rag1 hxg2+ 19. Rxg2 e4 20. Kg1 Bxh2+ 21. Kf1 Bf4 22. Qc3 Rh1+ 23. Rg1 Qd1+ 24. Qe1 Rxg1+ 25. Kxg1 Qxe1+ 0-1

[Event "COL-ch disabled (Women) 2nd"]
[Site "Cali"]
[Date "2008.10.25"]
[Round "2.1"]
[White "Rodriguez Mogollon, Teresa"]
[Black "Pachon, Olga Yolanda"]
[Result "1-0"]
[WhiteElo "1637"]
[BlackElo "1600"]
[PlyCount "35"]
[EventDate "2008.10.25"]
[EventType "swiss"]
[EventRounds "6"]
[EventCountry "COL"]
[SourceTitle "EXT 2024"]
[Source "ChessBase"]
[SourceDate "2023.10.10"]
[SourceVersion "1"]
[SourceVersionDate "2023.10.10"]
[SourceQuality "1"]

1. e4 e5 2. Nf3 Nc6 3. Nc3 Nf6 4. Bc4 Nh5 5. d4 Bd6 6. dxe5 Bxe5 7. Nxe5 Nxe5 8. Qxh5 Nxc4 9. Bg5 g6 10. Qh4 Qxg5 11. Qxg5 0-0 12. Nd5 Kg7 13. Qf6+ Kh6 14. h4 c6 15. Nf4 d6 16. h5 Bg4 17. hxg6+ Bh5 18. Rxh5# 1-0